Bendera, lambang, lagu kebangsaan dan lagu-lagu kebesaran negeri-negeri di Malaysia

Bibliographic Details
Main Author: AMIDAH Hamim
Format: Book
Published: Kuala Lumpur : Jabatan Perkhidmatan Penerangan Malaysia , 2002
Series:Siri pengetahuan am
Subjects:

MARC

LEADER 00000cam a2200000 7i4500
001 0000002397
005 20030606.0
020 0 0 |a 9835403503 
090 0 0 |a 929.2909595   |b AMI 2002 
100 0 0 |a AMIDAH Hamim 
245 1 0 |a Bendera, lambang, lagu kebangsaan dan lagu-lagu kebesaran negeri-negeri di Malaysia   |c Amidah Hamim 
260 0 0 |a Kuala Lumpur :   |b Jabatan Perkhidmatan Penerangan Malaysia ,   |c 2002 
300 |a 108 p. :   |b col. ill. ;   |c 30 cm. 
440 0 0 |a Siri pengetahuan am 
650 0 0 |a Flags   |z Malaysia 
650 0 0 |a National songs, Malaysian 
998 |a JPSM 
999 |a 0000004298   |b Monograph   |c Open Shelf   |e Default branch